000 00474nam a2200145 a 4500
001 000028636
005 20200930055041.0
008 110411s2000 dr 000 0 spa d
040 _aDO-SdBNP
_bspa
_cBNPHU
100 1 _aEstrella Rodríguez, Víctor Ant.
_955591
245 4 _aLos farallones /
_cVíctor Ant. Estrella Rodríguez.
260 _aSantiago de los Caballeros, República Dominicana :
_bEdiciones la Serpiente,
_c2000.
300 _a29 p. ;
_c21 cm.
049 _aBNPD
999 _c28128
_d28128